00683cam a22001933a 450000100060000000300060000600500170001200800410002904000150007004200070008510000370009224501790012926000290030850600300033751600200036770000310038783000290041885600420044734645PGUSA20140828083740.0101213s2010||||xxu|||||s|||||000 | eng d aPGUSAbeng adc1 aLanzi, Luigi Antonio,d1732-181014aThe History of Painting in Italy, Vol. 3 :bfrom the Period of the Revival of the Fine Arts to the End of the Eighteenth Centuryh[electronic resource] /cLuigi Antonio Lanzi bProject Gutenberg,c2010 aPublic domain in the USA. aElectronic text1 aRoscoe, Thomas,d1791-1871 0aProject Gutenbergv3464540uhttp://www.gutenberg.org/ebooks/34645